| Tag |
First Indicator |
Second Indicator |
Subfields |
| LEADER |
00000cam a2200000Ia 4500 |
| 001 |
in00002053513 |
| 005 |
20151101182430.0 |
| 008 |
840323s1982 dcua f000 0 eng d |
| 040 |
|
|
|a FZW
|c FZW
|d OCLCQ
|d TXA
|d UtOrBLW
|
| 049 |
|
|
|a TXAM
|
| 086 |
0 |
|
|a I 49.89/2:82/SF
|
| 090 |
|
|
|a SK361
|b .U54sf no.82-11
|
| 245 |
0 |
0 |
|a Species profiles :
|b life histories and environmental requirements of coastal fishes and invertebrates (South Florida).
|
| 264 |
|
1 |
|a Washington, D.C :
|b U.S. Fish and Wildlife Service,
|c [1982?]
|
| 300 |
|
|
|a 1 volume (loose-leaf) :
|b illustrations ;
|c 28 cm.
|
| 336 |
|
|
|a text
|b txt
|2 rdacontent
|
| 337 |
|
|
|a unmediated
|b n
|2 rdamedia
|
| 338 |
|
|
|a volume
|b nc
|2 rdacarrier
|
| 500 |
|
|
|a FWS/OBS 82-11
|
| 500 |
|
|
|a TR EL-82-4.
|
| 500 |
|
|
|a "Managed by National Coastal Ecosystems Team, Division of Biological Services, Fish and Wildlife Service."
|
| 500 |
|
|
|a Reports dealing with specific species in this series are also issued separately and given individual report numbers under FWS/OBS-82/11.
|
| 504 |
|
|
|a Includes bibliographies.
|
| 505 |
0 |
|
|a (no.16) snook / William Seaman and Mark Collins (no.17) pink shrimp / Lourdes M. Bielsa, William H. Murdich, and Ronald F. Labisky (no.21) stone crab / William J. Lindberg and Michael J. Marshall (no.34) striped mullet / Mark R. Collins (no.39) white mullet / Mark R. Collins (no.42) Florida pompano / Carter Gilbert (no.43) spotted seatrout / Darlene R. Johnson and William Seaman (no.52) grey, lane, mutton and yellowtail snappers / Stephen A. Bortone and James L. Williams (no.54) Southern, gulf and summer flounders / Carter R. Gilbert (no.58) King and Spanish mackerel / Mark F. Godcharles and Michael D. Murphy (no.61) spiny lobster / James M. Marx and William F. Herrnkind (no.73) reef-building corals / James W. Porter (no.77) long-spined black sea urchin / John C. Ogden and Robert C. Carpenter (no.104) ladyfish and tarpon / Alexander V. Zale and Susan G. Merrifield (no.115) Reef-Building Tube Worm / Alexander V. Zale and Susan G. Merrifield.
|
| 536 |
|
|
|a Jointly developed and funded by the U.S. Army Corps of Engineers and U.S. Fish and Wildlife Service.
|
| 650 |
|
0 |
|a Fishes
|x Anatomy.
|
| 650 |
|
0 |
|a Invertebrates
|x Anatomy.
|
| 650 |
|
0 |
|a Water quality
|x Mathematical models.
|
| 650 |
|
0 |
|a Estuarine area conservation.
|
| 700 |
1 |
|
|a Seaman, William.
|
| 700 |
1 |
|
|a Collins, Mark R.
|
| 700 |
1 |
|
|a Bielsa, Lourdes M.
|
| 700 |
1 |
|
|a Murdich, William H.
|
| 700 |
1 |
|
|a Labisky, Ronald F.
|
| 700 |
1 |
|
|a Lindberg, William J.
|
| 700 |
1 |
|
|a Marshall, Michael J.
|
| 700 |
1 |
|
|a Gilbert, Carter Rowell,
|d 1930-
|
| 700 |
1 |
|
|a Godcharles, Mark F.
|
| 700 |
1 |
|
|a Murphey, Michael D.
|
| 700 |
1 |
|
|a Marx, James M.
|
| 700 |
1 |
|
|a Herrnkind, William F.
|
| 700 |
1 |
|
|a Porter, James W.
|q (James Watson),
|d 1946-
|
| 700 |
1 |
|
|a Ogden, John C.,
|d 1938-
|
| 700 |
1 |
|
|a Carpenter, Robert C.
|
| 700 |
1 |
|
|a Zale, Alexander V.
|
| 700 |
1 |
|
|a Merrifield, Susan G.
|
| 710 |
2 |
|
|a National Coastal Ecosystems Team (U.S.)
|
| 710 |
2 |
|
|a U.S. Army Engineer Waterways Experiment Station.
|
| 710 |
2 |
|
|a U.S. Fish and Wildlife Service.
|
| 740 |
0 |
|
|a Life histories and environmental requirements ... (South Florida).>
|
| 994 |
|
|
|a C0
|b TXA
|
| 999 |
|
|
|a MARS
|
| 999 |
f |
f |
|s 2c997487-a2c6-34d4-9be0-91daa2a2402d
|i 001b4bfb-db4d-3a92-9739-de2ae9489f95
|t 0
|
| 952 |
f |
f |
|p normal
|a Texas A&M University
|b College Station
|c Sterling C. Evans Library
|d Evans: US Documents (Annex 5th floor)
|t 0
|e I 49.89/2:82/SF
|h Superintendent of Documents classification
|i unmediated -- volume
|m A14832468477
|
| 998 |
f |
f |
|a I 49.89/2:82/SF
|t 0
|l Evans: US Documents (Annex 5th floor)
|